Normal view
MARC view
Entry Topical Term
001 - CONTROL NUMBER
- control field: 41004
003 - CONTROL NUMBER IDENTIFIER
- control field:
005 - DATE AND TIME OF LATEST TRANSACTION
- control field: 20210601181200.0
008 - FIXED-LENGTH DATA ELEMENTS
- fixed length control field: 210601|| aca||aabn | a|a d
040 ## - CATALOGING SOURCE
- Original cataloging agency:
- Transcribing agency:
150 ## - HEADING--TOPICAL TERM
- Topical term or geographic name entry element: Refrigeration and refrigerating machinery
- General subdivision: Problems, exercise etc
670 ## - SOURCE DATA FOUND
- Source citation: Work cat.: (): Elonka, Stephen Micheal 40030, Standard refrigeration and air conditioning:
